000 00243nam a2200097 a 4500
005 20200930080344.0
008 120409s1924 000 spa d
245 0 _aPetite histoire d' Haiti.
260 _aPort-au-Prince,
_c1924.
999 _c36904
_d36904
040 _aDO-SdBNP